76ers MVP for Each Season - Statistics

General Stats
  • This quiz has been taken 29 times
  • The average score is 48 of 76
Answer Stats
Year Answer % Correct
2023-24 Joel Embiid
96%
2022-23 Joel Embiid
96%
2021-22 Joel Embiid
96%
2020-21 Joel Embiid
96%
2018-19 Joel Embiid
96%
2017-18 Joel Embiid
96%
2005-06 Allen Iverson
91%
2004-05 Allen Iverson
91%
2003-04 Allen Iverson
91%
2002-03 Allen Iverson
91%
2001-02 Allen Iverson
91%
2000-01 Allen Iverson
91%
1999-00 Allen Iverson
91%
1998-99 Allen Iverson
91%
1997-98 Allen Iverson
91%
1996-97 Allen Iverson
91%
2019-20 Ben Simmons
83%
1983-84 Julius Erving
83%
1981-82 Julius Erving
83%
1980-81 Julius Erving
83%
1979-80 Julius Erving
83%
1978-79 Julius Erving
83%
1977-78 Julius Erving
83%
1976-77 Julius Erving
83%
2024-25 Tyrese Maxey
83%
1967-68 Wilt Chamberlain
78%
1966-67 Wilt Chamberlain
78%
1965-66 Wilt Chamberlain
78%
1964-65 Wilt Chamberlain
78%
1991-92 Charles Barkley
74%
1990-91 Charles Barkley
74%
1989-90 Charles Barkley
74%
1988-89 Charles Barkley
74%
1987-88 Charles Barkley
74%
1986-87 Charles Barkley
74%
1985-86 Charles Barkley
74%
1984-85 Moses Malone
70%
1982-83 Moses Malone
70%
1963-64 Hal Greer
57%
1961-62 Hal Greer
57%
1960-61 Dolph Schayes
52%
1959-60 Dolph Schayes
52%
1958-59 Dolph Schayes
52%
1957-58 Dolph Schayes
52%
1956-57 Dolph Schayes
52%
1955-56 Dolph Schayes
52%
1954-55 Dolph Schayes
52%
1953-54 Dolph Schayes
52%
1952-53 Dolph Schayes
52%
1951-52 Dolph Schayes
52%
1950-51 Dolph Schayes
52%
1949-50 Dolph Schayes
52%
2011-12 Andre Iguodala
48%
2010-11 Andre Iguodala
48%
2009-10 Andre Iguodala
48%
2008-09 Andre Iguodala
48%
2007-08 Andre Iguodala
48%
2006-07 Andre Iguodala
48%
1974-75 Billy Cunningham
48%
1971-72 Billy Cunningham
48%
1970-71 Billy Cunningham
48%
1969-70 Billy Cunningham
48%
1968-69 Billy Cunningham
48%
2015-16 Jahlil Okafor
48%
2012-13 Jrue Holiday
48%
2016-17 Robert Covington
30%
2013-14 Thaddeus Young
30%
1994-95 Dana Barros
26%
1975-76 George McGinnis
26%
1995-96 Clarence Weatherspoon
22%
1993-94 Clarence Weatherspoon
22%
2014-15 Michael Carter-Williams
22%
1973-74 Fred Carter
13%
1972-73 Fred Carter
13%
1992-93 Jeff Hornacek
9%
1962-63 Red Kerr
9%
No matching quizzes found
Score Distribution
Percent of People with Each Score
Percentile by Number Answered
Your Score History
You have not taken this quiz